[Event "Warsaw-ch opB 66th"]
[Site "Warsaw"]
[Date "2013.05.16"]
[Round "6"]
[White "Wisniewski, Jacek"]
[Black "Slomski, Arkadiusz"]
[Result "0-1"]
[WhiteElo "1471"]
[BlackElo "1725"]
[PlyCount "92"]
[EventDate "2013.05.11"]
[EventType "swiss"]
[EventRounds "9"]
[EventCountry "POL"]
[SourceTitle "CBM 154 Extra"]
[Source "ChessBase"]
[SourceDate "2013.06.25"]
[SourceVersion "2"]
[SourceVersionDate "2013.06.25"]
[SourceQuality "1"]

1. e4 e6 2. d4 d5 3. exd5 exd5 4. Nf3 Bg4 5. h3 Bh5 6. Qe2+ Qe7 7. Be3 Nf6 8. Qb5+ c6 9. Qb3 Bxf3 10. gxf3 Qb4+ 11. Nd2 Qxb3 12. Nxb3 b6 13. 0-0-0 a5 14. a4 Bd6 15. Rg1 g6 16. Bh6 Nh5 17. Re1+ Kd7 18. h4 Na6 19. Bh3+ f5 20. Kd1 Nc7 21. Nc1 Ne6 22. c3 Bf4 23. Bxf4 Nexf4 24. Bf1 Rhe8 25. Re3 Re6 26. Nd3 Nxd3 27. Bxd3 Rae8 28. Rge1 Nf4 29. Bf1 Kd6 30. Kd2 Nh5 31. Bd3 Nf6 32. Rxe6+ Rxe6 33. Rxe6+ Kxe6 34. Ke3 Nh5 35. f4 Nf6 36. f3 Kd6 37. b3 Ke7 38. Kf2 Kf7 39. Ke3 Kg7 40. c4 c5 41. dxc5 bxc5 42. Kf2 d4 43. h5 Nxh5 44. b4 Nxf4 45. b5 Nxd3+ 46. Kg3 Ne5 0-1

[Event "Warsaw YMCA Spring 121st"]
[Site "Warsaw"]
[Date "2013.04.24"]
[Round "3"]
[White "Wilczynski, Adam"]
[Black "Slomski, Arkadiusz"]
[Result "0-1"]
[WhiteElo "1673"]
[BlackElo "1725"]
[PlyCount "142"]
[EventDate "2013.04.10"]
[EventType "tourn"]
[EventRounds "11"]
[EventCountry "POL"]
[SourceTitle "EXT 2014"]
[Source "ChessBase"]
[SourceDate "2013.11.20"]
[SourceVersion "1"]
[SourceVersionDate "2013.11.20"]
[SourceQuality "1"]

1. c4 e6 2. g3 f5 3. Bg2 Nf6 4. Nf3 Be7 5. 0-0 0-0 6. d3 c6 7. Qc2 d5 8. b3 Na6 9. Bb2 Bd7 10. Nbd2 Rc8 11. e4 fxe4 12. dxe4 b5 13. e5 Ne8 14. Nd4 Qb6 15. Rad1 Bc5 16. N2f3 Nb4 17. Qb1 bxc4 18. a3 Nd3 19. Rxd3 cxd3 20. Qxd3 Bxd4 21. Nxd4 c5 22. Ne2 Bb5 23. Qc2 Bxe2 24. Qxe2 Qxb3 25. Bc1 c4 26. Qg4 Nc7 27. h4 Qd3 28. Bh3 Qf5 29. Qxf5 exf5 30. Be3 Nb5 31. a4 Nc3 32. Bxa7 Nxa4 33. Bd4 c3 34. Bg2 Rfd8 35. Rc1 Kf7 36. Bf1 c2 37. Bd3 Nc5 38. Bxc5 Rxc5 39. Rxc2 Rxc2 40. Bxc2 Ke6 41. f4 Rb8 42. Ba4 Rb2 43. Kf1 d4 44. Ke1 Rg2 45. Bb3+ Ke7 46. Bg8 g6 47. Bxh7 Rxg3 48. Kf2 d3 49. Kxg3 d2 50. Bxg6 d1Q 51. Bxf5 Qb3+ 52. Kg4 Qg8+ 53. Kf3 Qf7 54. Kg4 Qg7+ 55. Kf3 Qh6 56. Kg3 Qh5 57. Bg4 Qg6 58. h5 Qd3+ 59. Kh4 Kf7 60. Kg5 Qd8+ 61. Kf5 Kg7 62. Bf3 Qe7 63. Kg4 Kh6 64. Be4 Qd7+ 65. Kg3 Kxh5 66. Bf3+ Kg6 67. Bg4 Qd4 68. e6 Qe3+ 69. Bf3 Qxe6 70. Kh4 Qe3 71. Kg4 Qg1+ 0-1

[Event "Ursus op"]
[Site "Ursus"]
[Date "2006.06.04"]
[Round "9"]
[White "Ostrowski, Pawel1111"]
[Black "Slomski, Arkadiusz"]
[Result "1-0"]
[WhiteElo "2058"]
[BlackElo "1859"]
[PlyCount "73"]
[EventDate "2006.05.27"]
[EventType "swiss"]
[EventRounds "9"]
[EventCountry "POL"]
[SourceTitle "EXT 2008"]
[Source "ChessBase"]
[SourceDate "2007.11.25"]
[SourceVersion "1"]
[SourceVersionDate "2007.11.25"]
[SourceQuality "1"]

1. d4 e6 2. c4 f5 3. Nf3 Nf6 4. g3 Be7 5. Bg2 0-0 6. 0-0 c6 7. Nc3 d5 8. Bf4 Ne4 9. h4 Nd7 10. Ne5 Nxe5 11. Bxe5 Bd6 12. Bxd6 Qxd6 13. e3 Nxc3 14. bxc3 dxc4 15. a4 b6 16. Qe2 Ba6 17. e4 Rae8 18. Rfe1 Qd7 19. exf5 exf5 20. Qh5 Rxe1+ 21. Rxe1 b5 22. Qg5 Rf6 23. axb5 cxb5 24. Re5 Bc8 25. Bd5+ Kf8 26. Qh5 Rh6 27. Qf3 Rf6 28. Ba8 a5 29. Rc5 f4 30. Bc6 Qh3 31. Qh5 Rxc6 32. Rxc6 Bb7 33. Qc5+ Kg8 34. Qd5+ Kf8 35. Qd8+ Kf7 36. Rc7+ Ke6 37. Qd7+ 1-0

[Event "Ursus op"]
[Site "Ursus"]
[Date "2006.06.03"]
[Round "6"]
[White "Slomski, Arkadiusz"]
[Black "Traczyk, Pawel"]
[Result "1/2-1/2"]
[WhiteElo "1859"]
[BlackElo "1847"]
[PlyCount "110"]
[EventDate "2006.05.27"]
[EventType "swiss"]
[EventRounds "9"]
[EventCountry "POL"]
[SourceTitle "EXT 2008"]
[Source "ChessBase"]
[SourceDate "2007.11.25"]
[SourceVersion "1"]
[SourceVersionDate "2007.11.25"]
[SourceQuality "1"]

1. Nf3 Nf6 2. c4 d6 3. b3 e5 4. d3 g6 5. Bb2 Bg7 6. g3 0-0 7. Bg2 Be6 8. Ng5 c6 9. Nxe6 fxe6 10. 0-0 Nbd7 11. Nd2 d5 12. Rc1 a5 13. Nf3 e4 14. Ng5 exd3 15. Bh3 Qe7 16. Bxe6+ Kh8 17. exd3 Nc5 18. Ba3 Nh5 19. Bxc5 Qxc5 20. cxd5 Qe7 21. Nh3 cxd5 22. Bxd5 Qd7 23. Bg2 Nf6 24. Qf3 Rab8 25. Rc4 b5 26. Rf4 h6 27. Qe3 Rbe8 28. Qd4 Qc8 29. Rf3 Qc2 30. Nf4 Kh7 31. Qb6 Qxa2 32. Ne6 Rf7 33. Nxg7 Kxg7 34. Qxb5 Rfe7 35. Re3 Qd2 36. Rxe7+ Rxe7 37. Qc4 h5 38. d4 Rd7 39. d5 Nxd5 40. Bxd5 Rxd5 41. Qc7+ Rd7 42. Qe5+ Kh7 43. Ra1 Qb4 44. Qxa5 Rd1+ 45. Kg2 Qe4+ 46. Kh3 Qg4+ 47. Kg2 Qe4+ 48. f3 Qe2+ 49. Kh3 Qf1+ 50. Kh4 Rxa1 51. Qc7+ Kg8 52. Qd8+ Kf7 53. Qd7+ Kf8 54. Qd6+ Kg7 55. Qe7+ Kg8 1/2-1/2

[Event "Ursus op"]
[Site "Ursus"]
[Date "2006.06.03"]
[Round "7"]
[White "Zaborowski, Krzysztof"]
[Black "Slomski, Arkadiusz"]
[Result "0-1"]
[WhiteElo "1774"]
[BlackElo "1859"]
[PlyCount "86"]
[EventDate "2006.05.27"]
[EventType "swiss"]
[EventRounds "9"]
[EventCountry "POL"]
[SourceTitle "EXT 2008"]
[Source "ChessBase"]
[SourceDate "2007.11.25"]
[SourceVersion "1"]
[SourceVersionDate "2007.11.25"]
[SourceQuality "1"]

1. e4 e6 2. d4 d5 3. Nc3 Bb4 4. e5 c5 5. Bd2 cxd4 6. Nb5 Be7 7. Nxd4 Qb6 8. Bc3 Bd7 9. f4 Bc5 10. a4 a5 11. Ngf3 Ne7 12. Qd2 Nbc6 13. Bb5 0-0 14. Bxc6 Nxc6 15. 0-0 Rac8 16. Kh1 Nb4 17. Rfe1 Qa6 18. Nb3 Be7 19. Re3 Rc4 20. Nbd4 Rfc8 21. g4 b6 22. g5 Nc6 23. Nxc6 Bxc6 24. Qd3 Qb7 25. Bd4 Rxa4 26. Rg1 Rb4 27. h4 Bb5 28. Qd2 Rbc4 29. c3 Rf8 30. h5 Rcc8 31. Qh2 Bc5 32. Qh3 Qe7 33. Ree1 Bd3 34. Be3 Bf5 35. Qg3 Rcd8 36. Nh4 Be4+ 37. Kh2 d4 38. cxd4 Bxd4 39. Rd1 Qc5 40. Rc1 Qb4 41. g6 fxg6 42. Rc7 Qxb2+ 43. Kh3 Bxe3 0-1

[Event "Ursus op"]
[Site "Ursus"]
[Date "2006.05.28"]
[Round "5"]
[White "Krasiewicz, Robert"]
[Black "Slomski, Arkadiusz"]
[Result "1-0"]
[WhiteElo "2041"]
[BlackElo "1859"]
[PlyCount "65"]
[EventDate "2006.05.27"]
[EventType "swiss"]
[EventRounds "9"]
[EventCountry "POL"]
[SourceTitle "EXT 2008"]
[Source "ChessBase"]
[SourceDate "2007.11.25"]
[SourceVersion "1"]
[SourceVersionDate "2007.11.25"]
[SourceQuality "1"]

1. d4 e6 2. e4 d5 3. Nd2 Nf6 4. e5 Nfd7 5. f4 c5 6. c3 Nc6 7. Ndf3 Qa5 8. Be3 cxd4 9. Nxd4 Qb6 10. b4 a5 11. a3 Qa7 12. Qd2 Nxd4 13. Bxd4 b6 14. Nf3 axb4 15. cxb4 Qa4 16. Be2 Ba6 17. Bd1 Qb5 18. Kf2 Be7 19. Re1 Rc8 20. Re3 0-0 21. Bc3 Qc6 22. Nd4 Qc7 23. Ba4 Nb8 24. Rh3 Bh4+ 25. Kg1 Be7 26. Re1 Qa7 27. Bc2 g6 28. f5 exf5 29. Qh6 Bh4 30. Qxh4 h5 31. Nxf5 Rxc3 32. Qf6 gxf5 33. Qg5+ 1-0

[Event "Ursus op"]
[Site "Ursus"]
[Date "2006.05.28"]
[Round "3"]
[White "Rekawek, Kacper"]
[Black "Slomski, Arkadiusz"]
[Result "0-1"]
[WhiteElo "1600"]
[BlackElo "1859"]
[PlyCount "86"]
[EventDate "2006.05.27"]
[EventType "swiss"]
[EventRounds "9"]
[EventCountry "POL"]
[SourceTitle "EXT 2008"]
[Source "ChessBase"]
[SourceDate "2007.11.25"]
[SourceVersion "1"]
[SourceVersionDate "2007.11.25"]
[SourceQuality "1"]

1. e4 e6 2. d4 d5 3. exd5 exd5 4. Nf3 Bg4 5. c4 Bb4+ 6. Bd2 Qe7+ 7. Qe2 Bxf3 8. gxf3 Bxd2+ 9. Nxd2 Nc6 10. Qxe7+ Ngxe7 11. Nb3 Nb4 12. Kd2 0-0-0 13. a3 Nbc6 14. cxd5 Nxd5 15. Bb5 Nde7 16. Bxc6 Nxc6 17. Kc3 Rhe8 18. Rhe1 a5 19. Rxe8 Rxe8 20. Kd3 b6 21. Kd2 a4 22. d5 Rd8 23. Kc3 Rxd5 24. Nd2 f5 25. Rd1 Ne5 26. Kc2 Rc5+ 27. Kb1 g5 28. Rc1 Rxc1+ 29. Kxc1 Nd3+ 30. Kc2 Nxf2 31. Nc4 Kd7 32. Ne5+ Ke6 33. Nd3 Nxd3 34. Kxd3 Kd5 35. Ke3 Kc4 36. Kd2 Kb3 37. Kc1 h5 38. h3 f4 39. Kb1 g4 40. hxg4 hxg4 41. fxg4 f3 42. Kc1 f2 43. g5 f1Q+ 0-1

[Event "Ursus op"]
[Site "Ursus"]
[Date "2006.05.27"]
[Round "1"]
[White "Malec, Sebastian"]
[Black "Slomski, Arkadiusz"]
[Result "0-1"]
[WhiteElo "1800"]
[BlackElo "1859"]
[PlyCount "102"]
[EventDate "2006.05.27"]
[EventType "swiss"]
[EventRounds "9"]
[EventCountry "POL"]
[SourceTitle "EXT 2008"]
[Source "ChessBase"]
[SourceDate "2007.11.25"]
[SourceVersion "1"]
[SourceVersionDate "2007.11.25"]
[SourceQuality "1"]

1. e4 e6 2. d4 d5 3. Nc3 Bb4 4. e5 c5 5. Nf3 Nc6 6. Be3 cxd4 7. Bxd4 Nh6 8. Bd3 Nxd4 9. Nxd4 Bxc3+ 10. bxc3 Qc7 11. Bb5+ Bd7 12. Bxd7+ Kxd7 13. 0-0 Qxc3 14. Rb1 b6 15. Rb3 Qc5 16. Re1 Rac8 17. Ree3 Nf5 18. Nxf5 exf5 19. Rbd3 Ke6 20. c3 g6 21. h3 Rhd8 22. Kh2 h5 23. f4 Qc4 24. Rd4 Qxa2 25. Qe1 Qa3 26. Qh4 Qe7 27. Qg3 b5 28. Qf3 a5 29. Red3 Rc5 30. Qd1 Qc7 31. Qb3 a4 32. Qb4 Qc6 33. Qa3 Rc4 34. Kh1 Qc7 35. Kh2 Rxd4 36. Rxd4 Qe7 37. Qb2 Qc5 38. Rb4 Rb8 39. h4 Rb6 40. g3 Qc6 41. Qa3 Qb7 42. Rd4 Qe7 43. Qb2 a3 44. Qb3 Qc5 45. Rd2 Ra6 46. Ra2 Kd7 47. Kg2 Kc6 48. Kf3 d4 49. c4 bxc4 50. Qc2 Qb4 51. Qf2 Qb1 0-1